Proceedings from the first International Conference on Appropriate Technology held from 15-17 July 2004 in Bulawayo, Zimbabwe / (Record no. 128588)

MARC details
000 -LEADER
fixed length control field 00801nam a2200229 a 4500
008 - FIXED-LENGTH DATA ELEMENTS--GENERAL INFORMATION
fixed length control field
049 ## - LOCAL HOLDINGS (OCLC)
Holding library MAIN
090 ## - LOCALLY ASSIGNED LC-TYPE CALL NUMBER (OCLC); LOCAL CALL NUMBER (RLIN)
Classification number (OCLC) (R) ; Classification number, CALL (RLIN) (NR) T173.6
Local cutter number (OCLC) ; Book number/undivided call number, CALL (RLIN) PRO
003 - CONTROL NUMBER IDENTIFIER
control field
005 - DATE AND TIME OF LATEST TRANSACTION
control field 20230123122138.0
040 ## - CATALOGING SOURCE
Transcribing agency NUST
245 10 - TITLE STATEMENT
Title Proceedings from the first International Conference on Appropriate Technology held from 15-17 July 2004 in Bulawayo, Zimbabwe /
Statement of responsibility, etc. hosted by NUST ;edited by S. Mhlanga, J. Trimble.
260 ## - PUBLICATION, DISTRIBUTION, ETC.
Place of publication, distribution, etc. Bulawayo :
Name of publisher, distributor, etc. NUST,
Date of publication, distribution, etc. 2004.
300 ## - PHYSICAL DESCRIPTION
Extent iv,163 p. :
Other physical details ill. ;
Dimensions 30 cm.
504 ## - BIBLIOGRAPHY, ETC. NOTE
Bibliography, etc. note Includes bibliographical references.
650 ## - SUBJECT ADDED ENTRY--TOPICAL TERM
Topical term or geographic name entry element Technological Innovation.
700 ## - ADDED ENTRY--PERSONAL NAME
Personal name Trimble, J.
700 ## - ADDED ENTRY--PERSONAL NAME
Personal name Mhlanga, S.
700 ## - ADDED ENTRY--PERSONAL NAME
Personal name National University of Science and Technology.
907 ## - LOCAL DATA ELEMENT G, LDG (RLIN)
a .b10154905
b 08-04-15
c 25-02-05
942 ## - ADDED ENTRY ELEMENTS (KOHA)
Koha item type Ordinary Loan Books
Call number prefix T173.6
Call number suffix PRO
Holdings
Date last seen Total Checkouts Full call number Barcode Cost, replacement price Price effective from Koha item type Lost status Source of classification or shelving scheme Damaged status Not for loan Collection Withdrawn status Home library Current library Shelving location Date acquired Cost, normal purchase price
01/23/2023 1 T173.6 PRO 92004036713 80.00 01/23/2023 BOOKS   LCC     NFIC   MAIN MAIN GEN 01/23/2023 80.00